Land Development Studies (Record no. 118857)
[ view plain ]
| 000 -LEADER | |
|---|---|
| fixed length control field | 00525cas a22001935a 4500 |
| 001 - CONTROL NUMBER | |
| control field | ##L133724 |
| 008 - FIXED-LENGTH DATA ELEMENTS--GENERAL INFORMATION | |
| fixed length control field | 060605d19841990xxkqr p 0 a0eng u |
| 022 0# - INTERNATIONAL STANDARD SERIAL NUMBER | |
| International Standard Serial Number | 0264-0821 |
| 035 ## - SYSTEM CONTROL NUMBER | |
| System control number | (Sirsi) u133724 |
| 041 0# - LANGUAGE CODE | |
| Language code of text/sound track or separate title | eng |
| 245 00 - TITLE STATEMENT | |
| Title | Land Development Studies |
| 260 ## - PUBLICATION, DISTRIBUTION, ETC. | |
| Place of publication, distribution, etc. | London |
| Name of publisher, distributor, etc. | E. and F. N. Spon |
| Date of publication, distribution, etc. | 1984-1990 |
| 362 ## - DATES OF PUBLICATION AND/OR SEQUENTIAL DESIGNATION | |
| Dates of publication and/or sequential designation | 1984-7(3) September 1990 |
| 554 ## - | |
| -- | Four per year |
| 651 #4 - SUBJECT ADDED ENTRY--GEOGRAPHIC NAME | |
| Geographic name | International |
| 690 ## - LOCAL SUBJECT ADDED ENTRY--TOPICAL TERM (OCLC, RLIN) | |
| Topical term or geographic name as entry element | PROPERTY-PROPERTY DEVELOPMENT |
| 785 00 - SUCCEEDING ENTRY | |
| Title | Journal of Property Research |
| International Standard Serial Number | 0959-9916 |
| 942 ## - ADDED ENTRY ELEMENTS (KOHA) | |
| Suppress in OPAC | 0 |
| Withdrawn status | Lost status | Source of classification or shelving scheme | Damaged status | Not for loan | Home library | Current library | Shelving location | Date acquired | Total Checkouts | Full call number | Barcode | Date last seen | Price effective from | Koha item type |
|---|---|---|---|---|---|---|---|---|---|---|---|---|---|---|
| Dewey Decimal Classification | London | London | Gallery | 05/06/2006 | JOURNAL OF PROPERTY RESEARCH | 133724-1001 | 06/08/2019 | 06/08/2019 | Journal |